SEC College Logo Quiz - Statistics

General Stats
  • This quiz has been taken 1,668 times
    1,451 since last reset
  • The average score is 14 of 16
Answer Stats
Picture Answer % Correct
Alabama Crimson Tide
100%
Florida Gators
96%
Georgia Bulldogs
96%
Auburn Tigers
95%
Kentucky Wildcats
94%
LSU Tigers
94%
Arkansas Razorbacks
92%
Oklahoma Sooners
88%
Texas Longhorns
86%
Mississippi St Bulldogs
85%
Texas A&M Aggies
84%
Tennessee Volunteers
83%
Missouri Tigers
81%
South Carolina Gamecocks
79%
Vanderbilt Commodores
79%
Ole Miss Rebels
65%
No matching quizzes found
Score Distribution
Percent of People with Each Score
Percentile by Number Answered
Your Score History
You have not taken this quiz since the last reset